| 000 | 01075nam a2200229Ia 4500 | ||
|---|---|---|---|
| 999 |
_c53656 _d53656 |
||
| 001 | 20703 | ||
| 003 | GE_BSU | ||
| 005 | 20210329160323.0 | ||
| 008 | 181216s2017||||ge |||||||||||||| ||geo|| | ||
| 040 | _cGE_BSU | ||
| 041 | _ageo | ||
| 080 | _a33 მ-58 | ||
| 100 |
_aმესხი, ირაკლი _910799 |
||
| 245 |
_aუცხოური ინვესტიციები და შრომის ბაზრის ტრანსფორმაცია საქართველოში / _cირაკლი მესხი; სამეცნ. ხელმძღვ. ნ. წიკლაშვილი. |
||
| 264 |
_aბათუმი, _c2017 |
||
| 300 |
_a200 გვ. ; _b30 სმ. |
||
| 653 | _aეკონომიკა | ||
| 653 | _aდისერტაცია | ||
| 653 | _aუცხოური ინვესტიციები და შრომის ბაზრის ტრანსფორმაცია საქართველოში | ||
| 700 |
_aწიკლაშვილი, ნ. _910800 |
||
| 942 |
_cBK _2udc |
||